[Event "Wch Seniors 65 24th"]
[Site "Katerini"]
[Date "2014.10.24"]
[Round "1"]
[White "Rozewicz, Joseph"]
[Black "Koryabkin, Valery"]
[Result "0-1"]
[WhiteElo "1576"]
[BlackElo "2072"]
[PlyCount "52"]
[EventDate "2014.10.24"]
[EventType "swiss"]
[EventRounds "11"]
[EventCountry "GRE"]
[SourceTitle "EXT 2015"]
[Source "ChessBase"]
[SourceDate "2014.11.20"]
[SourceVersion "1"]
[SourceVersionDate "2014.11.20"]
[SourceQuality "1"]

1. e4 c5 2. Nf3 e6 3. d4 cxd4 4. Nxd4 a6 5. Nc3 Qc7 6. Bd3 Bc5 7. Nb3 Ba7 8. Qg4 g6 9. Bf4 Qb6 10. Be3 Qb4 11. Bxa7 Rxa7 12. Qg3 Nc6 13. a3 Qe7 14. e5 f5 15. f4 Nh6 16. h3 b5 17. Qf2 Rc7 18. Rd1 0-0 19. 0-0 Rd8 20. Rd2 Nf7 21. g4 Kh8 22. g5 Bb7 23. h4 d6 24. exd6 Rxd6 25. h5 Nxg5 26. hxg6 Nh3+ 0-1

[Event "Wch Seniors 23rd"]
[Site "Opatija"]
[Date "2013.11.23"]
[Round "11"]
[White "Agzamov, Valery"]
[Black "Koryabkin, Valery"]
[Result "1/2-1/2"]
[WhiteElo "2183"]
[BlackElo "2057"]
[PlyCount "46"]
[EventDate "2013.11.12"]
[EventType "swiss"]
[EventRounds "11"]
[EventCountry "CRO"]
[SourceTitle "CBM 157 Extra"]
[Source "ChessBase"]
[SourceDate "2013.12.19"]
[SourceVersion "1"]
[SourceVersionDate "2013.12.19"]
[SourceQuality "1"]

1. e4 c5 2. Nf3 a6 3. c3 d5 4. exd5 Qxd5 5. d4 Bg4 6. Be2 cxd4 7. cxd4 e6 8. 0-0 Nc6 9. Nc3 Qd7 10. d5 exd5 11. Nxd5 Be6 12. Nf4 Be7 13. Nxe6 Qxe6 14. Re1 Rd8 15. Qa4 Qc8 16. Bg5 h6 17. Bh4 Nf6 18. Bxf6 Bxf6 19. Qe4+ Kf8 20. Rac1 Rd6 21. b4 Re6 22. Qb1 g6 23. a4 Qb8 1/2-1/2

[Event "Wch Seniors 23rd"]
[Site "Opatija"]
[Date "2013.11.21"]
[Round "9"]
[White "Peierl, Walter"]
[Black "Koryabkin, Valery"]
[Result "0-1"]
[WhiteElo "1834"]
[BlackElo "2057"]
[PlyCount "86"]
[EventDate "2013.11.12"]
[EventType "swiss"]
[EventRounds "11"]
[EventCountry "CRO"]
[SourceTitle "CBM 157 Extra"]
[Source "ChessBase"]
[SourceDate "2013.12.19"]
[SourceVersion "1"]
[SourceVersionDate "2013.12.19"]
[SourceQuality "1"]

1. e4 c5 2. d4 cxd4 3. c3 dxc3 4. Nxc3 Nc6 5. Nf3 a6 6. Bc4 e6 7. 0-0 Bb4 8. Bd2 Nge7 9. a3 Ba5 10. b4 Bc7 11. Bg5 f6 12. Bh4 0-0 13. Qe2 b5 14. Ba2 Ng6 15. Bg3 Bxg3 16. hxg3 Qe7 17. Rfd1 Bb7 18. Rd2 Rfd8 19. Rad1 Rac8 20. Qe3 Nge5 21. Nxe5 Nxe5 22. Rd4 Kf8 23. Ne2 Rc2 24. Bb1 Rc4 25. f3 Rxd4 26. Qxd4 d5 27. Ba2 Nc6 28. Qb6 dxe4 29. Rxd8+ Nxd8 30. fxe4 Bxe4 31. Qxa6 Qd7 32. Nf4 Ke7 33. Qb6 g5 34. Qc5+ Qd6 35. Qa7+ Kf8 36. Nh5 Qd1+ 37. Kf2 Qxh5 38. Qd4 Bd5 39. Qxf6+ Nf7 40. Bb1 Qd1 41. Bxh7 Qd2+ 42. Kf1 Bc4+ 43. Kg1 Qd1+ 0-1